000 00492nam a2200181Ia 4500
008 090124s9999 xx 000 0 und d
082 _b122755
100 _aरायकर प्रतिभा
245 _a श्रद्धा
250 _a1
260 _c1988
300 _a203
600 _aरायकर प्रतिभा
630 _a श्रद्धा
700 _aरायकर प्रतिभा
730 _a श्रद्धा
942 _cBOOK
999 _c168841
_d168841